| 000 | 00789nam a22002057a 4500 | ||
|---|---|---|---|
| 999 |
_c11883 _d11883 |
||
| 003 | AR-CdUCM | ||
| 008 | 190405b ||||| |||| 00| 0 spa d | ||
| 040 |
_aMUNICIPALIDAD PROVINCIAL DEL CUSCO _cBIBLIOTECA MUNICIPAL DEL CUSCO |
||
| 082 |
_aES / 373.985 / _bM12 |
||
| 100 |
_aMacera, Pablo _913610 |
||
| 245 |
_aHistoria del Perú 3 : _bIndependencia y República (1740-1866) / |
||
| 260 |
_aLima : _bBruño |
||
| 300 |
_a207 páginas ; _bIlustraciones, mapas _c28cm |
||
| 500 | _aEducación secundaria 3ro | ||
| 505 | _aContenido: La sociedad colonial -- Los movimientos indígenas -- Factores externos culturales -- Factores externos políticos -- Los reformistas criollo... | ||
| 650 |
_aPerú _935 |
||
| 650 |
_aHistoria _9136 |
||
| 942 |
_2ddc _cLIBROS |
||
| 945 |
_anom _d2019-04-05 |
||